[Event "FIDE Open"]
[Site "Voronezh"]
[Date "2018.06.17"]
[Round "6.39"]
[White "Gulko, Oleg"]
[Black "Murzina, Agata"]
[Result "1-0"]
[WhiteElo "1883"]
[BlackElo "1632"]
[Annotator ""]
[Source ""]
[Remark ""]

1.d4 Nf6 2.c4 e6 3.Nc3 Bb4 4.Bf4 c5 5.e3 d5 6.Nf3 O-O 7.Be2 Ne4
8.Qb3 Nc6 9.dxc5 dxc4 10.Qxc4 Qa5 11.O-O Nxc3 12.bxc3 Bxc5 13.Rab1
b6 14.a4 a6 15.Rfd1 Rd8 16.Nd2 e5 17.Nb3 Rxd1+ 18.Rxd1 Be6 19.Qxe6
Qxa4 20.Nxc5 bxc5 21.Qd7 g6 22.Bxe5 h5 23.Bf3 Rd8 24.Qxd8+ Nxd8
25.Rxd8+ Qe8 26.Rxe8+ Kh7 27.Rh8# 1-0

[Event "FIDE Open"]
[Site "Voronezh"]
[Date "2018.06.17"]
[Round "6.40"]
[White "Biskup, Stepan"]
[Black "Sokolovsky, Victor"]
[Result "0-1"]
[WhiteElo "1529"]
[BlackElo "1866"]
[Annotator ""]
[Source ""]
[Remark ""]

1.d4 d5 2.Nf3 c5 3.g3 cxd4 4.Nxd4 e5 5.Nb3 Nf6 6.Bg2 Be7 7.O-O
O-O 8.c4 d4 9.Qc2 Nc6 10.a3 Bg4 11.h3 Be6 12.Rd1 Qc8 13.Kh2 Bf5
14.Qd2 Rd8 15.Qe1 Bc2 16.N1d2 e4 17.e3 dxe3 18.fxe3 Qd7 19.Nd4
Nxd4 20.exd4 Qxd4 21.Qe2 Bxd1 22.Qxd1 e3 23.Qe1 exd2 24.Bxd2
Qxd2 25.Qxe7 Rd7 0-1

[Event "FIDE Open"]
[Site "Voronezh"]
[Date "2018.06.17"]
[Round "6.41"]
[White "Kokueva, Alisa"]
[Black "Koptev, Ruslan"]
[Result "1/2-1/2"]
[WhiteElo "1586"]
[BlackElo "1859"]
[Annotator ""]
[Source ""]
[Remark ""]

1.e4 Nc6 2.d4 d5 3.e5 Bf5 4.h4 h6 5.g4 Bh7 6.Bd3 Bxd3 7.Qxd3
e6 8.f4 Qd7 9.Nd2 h5 10.gxh5 Rxh5 11.Ne2 Be7 12.Nf3 Qd8 13.f5
Rxf5 14.Ng5 Nh6 15.Ng3 Rxg5 16.hxg5 Bxg5 17.Bd2 Qe7 18.O-O-O
O-O-O 19.Kb1 Ng4 20.Bxg5 Qxg5 21.Qd2 Qxd2 22.Rxd2 f6 23.Rh7 fxe5
24.Rxg7 Ne3 25.dxe5 Nxe5 26.Rh2 b6 27.Rhh7 Rd7 28.Rxd7 Nxd7 29.Kc1
c5 30.Ne2 e5 31.Nc3 a6 32.Rh3 d4 33.Ne4 Kc7 34.Rh7 Kc6 35.Rh6+
Kd5 36.Nf6+ Nxf6 37.Rxf6 Nc4 38.b3 Nd6 39.Rh6 e4 40.Rh5+ Kc6
41.Kd2 b5 42.Re5 1/2-1/2

[Event "FIDE Open"]
[Site "Voronezh"]
[Date "2018.06.17"]
[Round "6.42"]
[White "Slastikhin, Vladislav"]
[Black "Zhapova, Yana"]
[Result "1-0"]
[WhiteElo "1846"]
[BlackElo "1597"]
[Annotator ""]
[Source ""]
[Remark ""]

1.d4 d5 2.c4 e6 3.Nc3 c6 4.Nf3 dxc4 5.a4 Bb4 6.g3 Nf6 7.Bg2 O-O
8.O-O Nd5 9.Qc2 Bxc3 10.bxc3 h6 11.Ba3 Re8 12.e4 Ne7 13.a5 Ng6
14.h4 h5 15.e5 Qxa5 16.Ng5 Qc7 17.Be4 Nf8 18.Bh7+ Kh8 19.Bxf8
Rxf8 20.Bg6 f6 21.Qe2 Rd8 22.Qxh5+ Kg8 23.Qh7+ Kf8 24.Qh8+ Ke7
25.Qxg7# 1-0

[Event "FIDE Open"]
[Site "Voronezh"]
[Date "2018.06.17"]
[Round "6.43"]
[White "Shushunov, Aleksei"]
[Black "Klevets, Ksenia"]
[Result "1-0"]
[WhiteElo "1429"]
[BlackElo "1844"]
[Annotator ""]
[Source ""]
[Remark ""]

1.Nf3 d5 2.g3 Nf6 3.Bg2 c6 4.O-O Bf5 5.d4 h6 6.c4 e6 7.Nc3 Bd6
8.Qb3 Qc8 9.Nd2 Nbd7 10.e4 dxe4 11.Ndxe4 Nxe4 12.Nxe4 Bxe4 13.Bxe4
Nf6 14.Bg2 O-O 15.Bd2 Rd8 16.Bc3 Be7 17.Rad1 Qc7 18.Rfe1 Rd7
19.Rd2 Rad8 20.Red1 Qb6 21.Qa4 Kh8 22.c5 Qb5 23.Qxa7 Nd5 24.Bf1
b6 25.Qa3 1-0

[Event "FIDE Open"]
[Site "Voronezh"]
[Date "2018.06.17"]
[Round "6.44"]
[White "Polukhin, Alexander"]
[Black "Netsvetaev, Kirill"]
[Result "1-0"]
[WhiteElo "1809"]
[BlackElo "1536"]
[Annotator ""]
[Source ""]
[Remark ""]

1.Nf3 Nf6 2.d4 d5 3.Bf4 Bf5 4.e3 e6 5.Nbd2 Bd6 6.Ne5 Nbd7 7.Be2
Ne4 8.g4 Bg6 9.h4 Nxd2 10.Qxd2 f6 11.Nxg6 hxg6 12.Bxd6 cxd6 13.O-O-O
f5 14.h5 gxh5 15.gxf5 Nf6 16.fxe6 Qe7 17.Rdg1 O-O-O 18.Bd3 Rdg8
19.Bf5 g5 20.c4 Kb8 21.cxd5 Nxd5 22.e4 Nf4 23.d5 Qf6 24.Kb1 Ka8
25.Rc1 Rc8 26.Rxc8+ Rxc8 27.Rc1 Rb8 28.Qc3 Nxd5 29.Qxf6 Nxf6
30.Rd1 Ne8 31.e7 b6 32.e5 d5 33.Rxd5 Kb7 34.Rd8 h4 35.Bd7 Ng7
36.Rxb8+ Kxb8 37.e8Q+ Nxe8 38.Bxe8 Kc7 39.Bg6 g4 40.Bf5 g3 41.Bh3
gxf2 42.Kc2 1-0

[Event "FIDE Open"]
[Site "Voronezh"]
[Date "2018.06.17"]
[Round "6.45"]
[White "Anisimov, V."]
[Black "Lesnykh, Zhanna"]
[Result "1-0"]
[WhiteElo "2011"]
[BlackElo "1616"]
[Annotator ""]
[Source ""]
[Remark ""]

1.e4 e5 2.Nf3 d6 3.d4 exd4 4.Nxd4 Nf6 5.Bd3 Be7 6.O-O O-O 7.Nc3
c5 8.Nde2 Nc6 9.Ng3 Be6 10.f4 Kh8 11.f5 Bc8 12.Be2 h6 13.Bf4
Nd4 14.Qd2 Kh7 15.Bd3 Qb6 16.Kh1 Bd7 17.Nd5 Nxd5 18.exd5 Bf6
19.c3 Nb5 20.a4 Nc7 21.a5 Qb3 22.Bxd6 Rfc8 23.Bxc7 Rxc7 24.d6
Rcc8 25.Be4 Qb5 26.Bd5 Rf8 27.Ne4 Bd8 28.f6 g6 29.a6 Bc6 30.axb7
Bxb7 31.Bxb7 Qxb7 32.Nxc5 Qc6 33.Na6 Bb6 34.Nb4 Qd7 35.Qd5 a5
36.Nc6 Rac8 37.Ne5 Qa7 38.Rad1 Rc5 39.Qd4 Qb7 40.Qf4 Re8 41.Ng4
g5 42.Qg3 h5 43.d7 Rd8 44.Qh3 h4 45.Qd3+ Kh8 46.Nh6 Rf8 47.Qd6
Rb8 48.Nxf7+ Kh7 49.Qd3+ Kg8 50.Qg6+ Kf8 51.Qg7# 1-0

[Event "FIDE Open"]
[Site "Voronezh"]
[Date "2018.06.17"]
[Round "6.46"]
[White "Kasantsev, Anatolij B."]
[Black "Denisenko, Dmitry"]
[Result "1-0"]
[WhiteElo "1962"]
[BlackElo "1703"]
[Annotator ""]
[Source ""]
[Remark ""]

1.d4 d6 2.c4 Nf6 3.Nc3 Bf5 4.f3 Nbd7 5.e4 Bg6 6.Nh3 e6 7.Nf2
a6 8.Be2 Be7 9.Be3 O-O 10.g4 c6 11.f4 h6 12.f5 Bh7 13.Qd2 d5
14.cxd5 cxd5 15.e5 Ne4 16.Nfxe4 dxe4 17.O-O Kh8 18.Nxe4 exf5
19.gxf5 b5 20.Bd3 Rg8 21.Kh1 Nb6 22.Qg2 Nd5 23.Bg1 Qd7 24.Rad1
Rad8 25.Nc3 Bg5 26.Nxd5 Qxd5 27.Qxd5 Rxd5 28.Be4 Rdd8 29.d5 Rgf8
30.d6 Rfe8 31.Bd4 Rf8 32.Bf2 1-0

[Event "FIDE Open"]
[Site "Voronezh"]
[Date "2018.06.17"]
[Round "6.47"]
[White "Shoshin, Kirill"]
[Black "Suleymanov, Emirlan"]
[Result "0-1"]
[WhiteElo "1938"]
[BlackElo "1701"]
[Annotator ""]
[Source ""]
[Remark ""]

1.d4 Nf6 2.c4 g6 3.Nc3 Bg7 4.e4 d6 5.Be2 O-O 6.Bg5 c5 7.dxc5
dxc5 8.Qxd8 Rxd8 9.Be3 Na6 10.a3 b6 11.f4 e5 12.Bf3 Ng4 13.Bd2
exf4 14.Bxf4 Ne5 15.Be2 Nd3+ 16.Bxd3 Rxd3 17.Rd1 Bxc3+ 18.bxc3
Rxd1+ 19.Kxd1 Be6 20.Nf3 Bxc4 21.Kc2 Rd8 22.Ne5 Bb5 23.c4 Ba4+
24.Kc3 Nb8 25.Rf1 Be8 26.Bg5 Rd4 27.Ng4 Nd7 28.Rf4 h5 29.Bf6
Nxf6 30.Nxf6+ Kf8 31.Nd5 Bc6 32.g3 Bxd5 33.exd5 Rxf4 34.gxf4
Ke7 35.Kd3 Kd6 36.a4 h4 37.h3 a6 38.Ke4 f6 39.Ke3 b5 40.cxb5
axb5 41.axb5 Kxd5 42.Kd3 c4+ 43.Kc3 Kc5 44.b6 Kxb6 45.Kxc4 Kc6
46.Kd4 Kd6 47.Ke4 f5+ 48.Kd4 Ke6 49.Kc4 Kf6 50.Kd4 g5 51.fxg5+
Kxg5 52.Ke5 Kg6 53.Kf4 Kf6 54.Kf3 Ke5 55.Ke3 f4+ 56.Kf3 Kf5 57.Kf2
Ke4 58.Ke2 f3+ 59.Kf1 Kf5 60.Ke1 Ke5 61.Kf1 Ke4 62.Ke1 Ke3 63.Kf1
f2 0-1

[Event "FIDE Open"]
[Site "Voronezh"]
[Date "2018.06.17"]
[Round "6.48"]
[White "Koshelev, Vladimir"]
[Black "Lupolov, Boris"]
[Result "1/2-1/2"]
[WhiteElo "1741"]
[BlackElo "1925"]
[Annotator ""]
[Source ""]
[Remark ""]

1.e4 c6 2.Nf3 d5 3.exd5 cxd5 4.Ne5 Nf6 5.d4 Nc6 6.Bb5 Bd7 7.Bxc6
bxc6 8.O-O e6 9.c4 dxc4 10.Qf3 Rc8 11.Nc3 Be7 12.Ne4 O-O 13.Nc5
Be8 14.Qc3 Qd5 15.Qxc4 Rd8 16.Be3 Bxc5 17.Qxc5 Qxc5 18.dxc5 Rd5
19.f4 Ne4 20.Rac1 f6 21.Ng4 Bh5 22.Nf2 Nxf2 23.Kxf2 Rb8 24.b3
a5 25.Rc4 Bg6 26.Rfc1 Bd3 27.Ra4 Ra8 28.b4 Bb5 29.Rxa5 Rxa5 30.bxa5
Kf7 31.a4 Bxa4 32.Ra1 Bb5 33.a6 Rd8 34.Bd4 Ke8 35.g4 Kd7 36.g5
Kc7 37.gxf6 gxf6 38.Bxf6 Ra8 39.Ke3 Rxa6 1/2-1/2

[Event "FIDE Open"]
[Site "Voronezh"]
[Date "2018.06.17"]
[Round "6.49"]
[White "Strukov, Dmitry"]
[Black "Filippov, Vladimir"]
[Result "0-1"]
[WhiteElo "1737"]
[BlackElo "1881"]
[Annotator ""]
[Source ""]
[Remark ""]

1.e4 d6 2.d4 Nf6 3.Nc3 g6 4.Nf3 Bg7 5.h3 c5 6.dxc5 Qa5 7.Bb5+
Bd7 8.Bxd7+ Nbxd7 9.O-O Qxc5 10.Re1 O-O 11.Be3 Qa5 12.Qd2 Rfe8
13.Bh6 Rac8 14.Bxg7 Kxg7 15.a3 a6 16.Rad1 Qb6 17.Qc1 Qc5 18.Qe3
Qxe3 19.Rxe3 Rc5 20.Ne1 Rec8 21.f4 Nb6 22.Re2 Nc4 23.b4 R5c7
24.e5 dxe5 25.fxe5 Ne8 26.Nd5 Rd7 27.Rd3 e6 28.Nf6 Rxd3 29.cxd3
Nxa3 30.Ra2 Nb5 31.Ne4 Nd4 32.Nc5 Rc7 33.Nf3 Nxf3+ 34.gxf3 Kf8
35.Kf2 Ke7 36.Ke3 Ng7 37.d4 Nf5+ 38.Kd3 Kd8 39.b5 axb5 40.Ra8+
Ke7 41.Ra7 Kf8 42.Rxb7 Rxb7 43.Nxb7 b4 44.Nc5 Ne7 45.Nd7+ Kg7
46.Nb8 Nd5 47.Kc4 g5 48.Nc6 Kg6 49.Nxb4 Nxb4 50.Kxb4 Kf5 51.Kc5
Kf4 52.Kd6 Kxf3 53.Ke7 h5 54.Kxf7 g4 55.d5 exd5 56.hxg4 hxg4
57.e6 g3 58.e7 g2 59.e8Q g1Q 60.Qc6 Qd4 61.Ke6 Qe4+ 62.Kd7 d4
63.Qf6+ Ke2 64.Kd6 d3 65.Qb2+ d2 66.Kc5 Ke1 67.Qc3 Qf4 68.Kb5
Ke2 69.Qc2 Qd4 70.Ka5 Ke1 0-1

[Event "FIDE Open"]
[Site "Voronezh"]
[Date "2018.06.17"]
[Round "6.50"]
[White "Vorobiov, Nikolai"]
[Black "Yudin, Sergei"]
[Result "0-1"]
[WhiteElo "1873"]
[BlackElo "1699"]
[Annotator ""]
[Source ""]
[Remark ""]

1.d4 e6 2.g3 d5 3.Nf3 c5 4.Bg2 Nf6 5.c3 Be7 6.a4 Nbd7 7.Bf4 O-O
8.O-O b6 9.Ne5 Bb7 10.Nd2 Nxe5 11.dxe5 Nd7 12.h4 f6 13.exf6 Bxf6
14.Nf3 e5 15.Bg5 e4 16.Bxf6 Qxf6 17.Ng5 Ne5 18.Nh3 Rad8 19.Qb3
Kh8 20.a5 Qg6 21.axb6 axb6 22.Ra7 Bc8 23.Re7 Nf3+ 24.exf3 exf3
25.Ng5 fxg2 26.Rfe1 h6 27.Ne6 Bxe6 28.R7xe6 Qf5 29.Kxg2 Qxf2+
30.Kh3 Rf3 31.Re8+ Rxe8 32.Rxe8+ Kh7 0-1

[Event "FIDE Open"]
[Site "Voronezh"]
[Date "2018.06.17"]
[Round "6.51"]
[White "Pak, Nikita"]
[Black "Ryumshin, Vladislav"]
[Result "1-0"]
[WhiteElo "1870"]
[BlackElo "1697"]
[Annotator ""]
[Source ""]
[Remark ""]

1.e4 e5 2.Nf3 Nc6 3.Bc4 Bc5 4.c3 Nge7 5.Ng5 d5 6.exd5 Nxd5 7.Qf3
Be6 8.Nxe6 fxe6 9.O-O Qd7 10.b4 Bb6 11.b5 Na5 12.d3 O-O-O 13.Qg3
Rhf8 14.Bg5 Rde8 15.Nd2 h6 16.Be3 Nxe3 17.fxe3 Nxc4 18.Nxc4 Qxd3
19.Nxb6+ axb6 20.Qxe5 Rxf1+ 21.Rxf1 Qd7 22.h3 Qe7 23.a4 Kd7 24.Qe4
Rf8 25.Rxf8 Qxf8 26.Qxb7 Qc5 27.Qe4 Qxc3 28.h4 Kd6 29.Kf2 Qf6+
30.Ke2 Qb2+ 31.Kf3 Qf6+ 32.Kg4 Qc3 33.Kh5 Ke7 34.Kg6 Qf6+ 35.Kh7
Kf7 36.Qc6 Qg6+ 37.Kh8 Kf6 38.Qc3+ e5 39.Qc6+ Kf5 40.e4+ 1-0

[Event "FIDE Open"]
[Site "Voronezh"]
[Date "2018.06.17"]
[Round "6.52"]
[White "Popov, Maksim"]
[Black "Titov, Oleg"]
[Result "1-0"]
[WhiteElo "1831"]
[BlackElo "1695"]
[Annotator ""]
[Source ""]
[Remark ""]

1.e4 e5 2.Nf3 Nc6 3.Bb5 a6 4.Ba4 Nf6 5.O-O Be7 6.d3 d6 7.h3 O-O
8.c3 b5 9.Bc2 Bb7 10.Re1 Nd7 11.Nbd2 f5 12.exf5 Rxf5 13.Ne4 Kh8
14.d4 Rf8 15.Nfg5 Bxg5 16.Nxg5 Qf6 17.Be3 g6 18.Qg4 Nb6 19.Qh4
h5 20.g4 Kg7 21.gxh5 gxh5 22.Kh2 Rh8 23.Rg1 Qe7 24.Nh7+ Kf7 25.Qxh5+
Ke6 26.Qf5+ Kd5 27.Qe4+ Ke6 28.Qg4+ Kd5 29.Be4+ Kc4 30.Qe2# 1-0

[Event "FIDE Open"]
[Site "Voronezh"]
[Date "2018.06.17"]
[Round "6.53"]
[White "Makarov, Anton"]
[Black "Vlasova, Olesia"]
[Result "1/2-1/2"]
[WhiteElo "1787"]
[BlackElo "1682"]
[Annotator ""]
[Source ""]
[Remark ""]

1.d4 d5 2.c4 e6 3.Nc3 Be7 4.Nf3 Nf6 5.Bg5 h6 6.Bh4 O-O 7.e3 Ne4
8.Bxe7 Qxe7 9.Qb3 Rd8 10.Be2 b6 11.cxd5 Nxc3 12.bxc3 exd5 13.O-O
Bf5 14.c4 Be4 15.Rfc1 dxc4 16.Qxc4 c6 17.Ne5 c5 18.Bf3 Bxf3 19.Nxf3
Nd7 20.h3 Rac8 21.Qa6 Rc7 22.Rc2 Rdc8 23.Rac1 Qe6 24.Nd2 Qd6
25.dxc5 Nxc5 26.Qa3 Qd7 27.Nb3 Nxb3 28.Rxc7 Rxc7 29.Rxc7 Qxc7
30.Qxb3 Qc1+ 31.Kh2 Qc7+ 32.Kg1 Qc1+ 33.Kh2 Qc7+ 34.Kg1 Qc1+
35.Kh2 Qc7+ 36.Kg1 1/2-1/2

[Event "FIDE Open"]
[Site "Voronezh"]
[Date "2018.06.17"]
[Round "6.54"]
[White "Stepanenko, Kirill"]
[Black "Shcherbinin, Nikolay"]
[Result "1-0"]
[WhiteElo "1784"]
[BlackElo "1671"]
[Annotator ""]
[Source ""]
[Remark ""]

1.e4 c5 2.Nc3 Nc6 3.f4 g6 4.Nf3 Bg7 5.Bb5 e6 6.Bxc6 bxc6 7.O-O
Ne7 8.d3 d5 9.Qe1 O-O 10.e5 Nf5 11.Na4 c4 12.dxc4 Ba6 13.b3 dxc4
14.Ba3 Re8 15.Rf2 cxb3 16.Rd1 Qc8 17.cxb3 Rd8 18.Rfd2 Rd5 19.Nc3
Rxd2 20.Qxd2 Qc7 21.Ne4 Rc8 22.Qd7 h6 23.Qxc7 Rxc7 24.Rd8+ Kh7
25.Bc5 Bb5 26.Kf2 Ba6 27.g4 Ne7 28.Bd6 Rb7 29.Nc5 1-0

[Event "FIDE Open"]
[Site "Voronezh"]
[Date "2018.06.17"]
[Round "6.55"]
[White "Rudakov, Sergey S."]
[Black "Kalashnikova, Elena"]
[Result "1/2-1/2"]
[WhiteElo "1568"]
[BlackElo "1774"]
[Annotator ""]
[Source ""]
[Remark ""]

1.e4 d5 2.exd5 Qxd5 3.Nc3 Qd6 4.d4 Nf6 5.Be3 c6 6.Be2 Bf5 7.Qd2
e6 8.h4 h6 9.Nf3 Qd8 10.O-O-O Nbd7 11.Bd3 Bg4 12.Rdg1 Bxf3 13.gxf3
Nb6 14.Ne4 Nbd5 15.f4 Nb4 16.Nxf6+ Qxf6 17.a3 Nxd3+ 18.Qxd3 O-O-O
19.Qb3 Bd6 20.Qa4 Bxf4 21.Qxa7 Qxd4 22.Qxd4 Rxd4 23.Rxg7 f5 24.Rd1
Bxe3+ 25.fxe3 Rxh4 26.Re7 Rd8 27.Rxd8+ Kxd8 28.Rxb7 Rh2 29.a4
Re2 30.a5 Rxe3 31.a6 Kc8 32.Kd2 Re5 33.Rb6 Kc7 34.Rb7+ Kc8 35.Rb6
Kc7 36.Rb7+ Kc8 37.Rb6 Kc7 38.Rb7+ Kc8 1/2-1/2

[Event "FIDE Open"]
[Site "Voronezh"]
[Date "2018.06.17"]
[Round "6.56"]
[White "Mikheeva, Galina"]
[Black "Astakhov, Alexander"]
[Result "1/2-1/2"]
[WhiteElo "1716"]
[BlackElo "1762"]
[Annotator ""]
[Source ""]
[Remark ""]

1.e4 Nf6 2.e5 Nd5 3.d4 d6 4.Nf3 Bg4 5.Be2 g6 6.h3 Bxf3 7.Bxf3
c6 8.Qe2 Bg7 9.O-O O-O 10.Re1 e6 11.c3 dxe5 12.dxe5 Nd7 13.Bxd5
cxd5 14.Bf4 Rc8 15.Nd2 Nb6 16.Qb5 a6 17.Qb3 Qc7 18.Nf3 Nc4 19.Re2
Rfd8 20.Rd1 b6 21.Qc2 b5 22.Rde1 Qa5 23.Qb3 Qc7 24.Qc2 Qb7 25.Nd4
Rc7 26.Qb3 Na5 27.Qd1 Nc4 28.Qb3 Na5 29.Qd1 Nc4 1/2-1/2

[Event "FIDE Open"]
[Site "Voronezh"]
[Date "2018.06.17"]
[Round "6.57"]
[White "Knyazev, Pavel"]
[Black "Agibalov, Roman"]
[Result "0-1"]
[WhiteElo "1762"]
[BlackElo "1655"]
[Annotator ""]
[Source ""]
[Remark ""]

1.Nf3 d5 2.g3 Nf6 3.Bg2 Nbd7 4.O-O e5 5.d3 Bc5 6.e3 O-O 7.Nxe5
Nxe5 8.d4 Bd6 9.dxe5 Bxe5 10.f4 Bd6 11.h3 c6 12.g4 Re8 13.g5
Ne4 14.Nd2 Ng3 15.Rf3 Nf5 16.Nf1 Qb6 17.Kh1 Nh4 18.Rg3 Nxg2 19.Kxg2
Bf5 20.h4 Re4 21.h5 Rae8 22.c3 Bxf4 23.a4 Bxg3 24.Nxg3 Rg4 25.a5
Qc7 26.Qe1 Be4+ 27.Kh2 Rh4+ 28.Kg1 Rh3 29.Nxe4 Qh2+ 30.Kf1 Rxe4 0-1

[Event "FIDE Open"]
[Site "Voronezh"]
[Date "2018.06.17"]
[Round "6.58"]
[White "Khanin, Alexandr"]
[Black "Meshkov, Timofey"]
[Result "1/2-1/2"]
[WhiteElo "1744"]
[BlackElo "1403"]
[Annotator ""]
[Source ""]
[Remark ""]

1.e4 c5 2.Nf3 e6 3.d4 cxd4 4.Nxd4 Nc6 5.Be3 Nf6 6.f3 a6 7.Be2
d5 8.Nxc6 bxc6 9.e5 Nd7 10.f4 Be7 11.Nd2 O-O 12.O-O f6 13.Bg4
f5 14.Be2 Bc5 15.Bxc5 Nxc5 16.Kh1 Kh8 17.Nf3 Ne4 18.Qe1 Rg8 19.Bd3
h6 20.Rd1 Qe7 21.Bxe4 fxe4 22.Nd2 g5 23.Qe3 Bd7 24.Qh3 Kh7 25.fxg5
Rxg5 26.Rf6 Qg7 27.Rdf1 Rf5 28.g4 Rxf6 29.Rxf6 Rf8 30.g5 Rxf6
31.gxf6 Qg5 32.Qg3 Kg6 33.Nb3 Qxg3 34.hxg3 Bc8 35.Nd4 Bd7 36.b4
Kf7 37.Kg2 Kg8 38.g4 Kh7 39.Kg3 Kg6 40.Kh4 Kh7 41.g5 Kg6 42.gxh6
Kxh6 43.Kg4 Kg6 44.Kf4 Kh6 45.Ke3 Kg6 46.Kf4 Kh6 47.Kg4 Kg6 48.Kf4 1/2-1/2

[Event "FIDE Open"]
[Site "Voronezh"]
[Date "2018.06.17"]
[Round "6.59"]
[White "Voronin, Yaroslav"]
[Black "Vasiljev, Ilya"]
[Result "1/2-1/2"]
[WhiteElo "1684"]
[BlackElo "1816"]
[Annotator ""]
[Source ""]
[Remark ""]

1.g3 Nf6 2.Bg2 e6 3.Nf3 Be7 4.O-O O-O 5.b3 d5 6.Bb2 b6 7.c4 Bb7
8.Qc2 c5 9.cxd5 Nxd5 10.Nc3 Nxc3 11.Bxc3 Nd7 12.Rfd1 Qc7 13.Rac1
Rac8 14.Qb2 Bf6 15.Bxf6 Nxf6 16.d4 Rfd8 17.Rd2 Qe7 18.Qa3 Bxf3
19.Bxf3 e5 20.Rdc2 e4 21.Bg2 Rxd4 22.b4 Rcd8 23.bxc5 Rd1+ 24.Bf1
bxc5 25.Qxc5 Qxc5 26.Rxc5 g6 27.Rxd1 Rxd1 28.Ra5 Rd7 29.e3 Kg7
30.Bc4 h5 31.Ra4 Ng4 32.Be2 Nf6 33.Bc4 Ng4 34.Be2 Nf6 35.Bc4
Ng4 36.Be2 1/2-1/2

[Event "FIDE Open"]
[Site "Voronezh"]
[Date "2018.06.17"]
[Round "6.60"]
[White "Kuzminykh, Nikita"]
[Black "Tatarinova, Elena"]
[Result "0-1"]
[WhiteElo "1658"]
[BlackElo "1797"]
[Annotator ""]
[Source ""]
[Remark ""]

1.e4 c5 2.Nf3 Nc6 3.c3 Nf6 4.e5 Nd5 5.d4 cxd4 6.cxd4 d6 7.exd6
Qxd6 8.Nc3 Bg4 9.Bc4 e6 10.Bxd5 exd5 11.O-O Be7 12.h3 Bh5 13.Re1
O-O 14.Be3 Rfd8 15.Rc1 Rac8 16.a3 Qd7 17.b4 Bf6 18.b5 Na5 19.Ne5
Bxd1 20.Nxd7 Rxd7 21.Rexd1 Nb3 22.Rc2 Rc4 23.Re1 h6 24.Rb1 Nxd4
25.Rd2 Rxc3 26.Rbd1 Nc2 27.Rxd5 Rxd5 28.Rxd5 Nxe3 29.fxe3 Rxe3
30.Rd7 Re7 0-1

[Event "FIDE Open"]
[Site "Voronezh"]
[Date "2018.06.17"]
[Round "6.61"]
[White "Degtiarev, Viktor"]
[Black "Lysenko, Olesya"]
[Result "0-1"]
[WhiteElo "1772"]
[BlackElo "1697"]
[Annotator ""]
[Source ""]
[Remark ""]

1.e4 e5 2.Nf3 Nc6 3.Bb5 a6 4.Ba4 Nf6 5.O-O b5 6.Bb3 Be7 7.Re1
O-O 8.c3 d5 9.exd5 Nxd5 10.Nxe5 Nxe5 11.Rxe5 c6 12.d4 Bd6 13.Re1
Qh4 14.h3 Bxh3 15.gxh3 Qxh3 16.Re5 Rae8 17.Qf1 Qxf1+ 18.Kxf1
Bxe5 19.Bxd5 cxd5 20.dxe5 Rxe5 21.Be3 f5 22.Bd4 Re6 23.Nd2 Rfe8
24.Rd1 g5 25.Nb3 Kf7 26.Nc5 Rd6 27.Re1 Rxe1+ 28.Kxe1 h5 29.Ke2
f4 30.b4 Kg6 31.f3 Kf5 32.Kf2 g4 33.Nd3 Re6 34.a3 h4 35.fxg4+
Kxg4 36.Ne5+ Kf5 37.Nf3 h3 38.Nh2 Rg6 39.Kf1 Ke4 40.Ba7 Rg2 41.Bg1
f3 0-1

[Event "FIDE Open"]
[Site "Voronezh"]
[Date "2018.06.17"]
[Round "6.62"]
[White "Chuprik, Ilya"]
[Black "Pikalova, Sofya"]
[Result "0-1"]
[WhiteElo "1650"]
[BlackElo "1739"]
[Annotator ""]
[Source ""]
[Remark ""]

1.d4 d5 2.c4 c6 3.Nc3 Nf6 4.Bf4 e6 5.e3 Bd6 6.Bxd6 Qxd6 7.Nf3
Nbd7 8.cxd5 exd5 9.Bd3 O-O 10.Qc2 h6 11.h3 Re8 12.O-O-O b5 13.Rdg1
a5 14.g4 b4 15.Na4 Ne4 16.Bxe4 dxe4 17.Nd2 Qe6 18.b3 Ba6 19.g5
h5 20.g6 fxg6 21.Rg5 Bd3 22.Qd1 Rf8 23.Rhg1 Rf6 24.Kb2 Qxh3 25.R1g3
Qe6 26.Qg1 Kh7 27.Qh2 Qf7 28.Rg2 Rf8 29.Rxa5 Rxf2 30.Ra7 Rxg2
31.Qxg2 Qf5 32.Rc7 Rf6 33.Kc1 h4 34.Qh2 h3 35.Rc8 Qg4 36.Rd8
Qg2 0-1

[Event "FIDE Open"]
[Site "Voronezh"]
[Date "2018.06.17"]
[Round "6.63"]
[White "Kuzmin, Vitaly"]
[Black "Ochirova, Anita"]
[Result "1-0"]
[WhiteElo "1738"]
[BlackElo "1691"]
[Annotator ""]
[Source ""]
[Remark ""]

1.d4 d5 2.Nf3 Nf6 3.Bf4 Bf5 4.h3 e6 5.e3 Be7 6.Be2 O-O 7.O-O
c5 8.c3 Nc6 9.dxc5 Bxc5 10.Nbd2 Bd6 11.Bxd6 Qxd6 12.Nh4 Bg6 13.Nxg6
hxg6 14.Qb3 Rab8 15.Rfd1 Qe7 16.Bf3 Ne5 17.Be2 b5 18.a3 Rfc8
19.Nf3 Nxf3+ 20.Bxf3 a5 21.Rd4 e5 22.Rd2 b4 23.axb4 axb4 24.cxb4
Rxb4 25.Qa3 e4 26.Rd4 Rcb8 27.Be2 Qb7 28.Rxb4 Qxb4 29.Qxb4 Rxb4
30.Ra8+ Kh7 31.Ra2 g5 32.Kf1 Kg6 33.Ke1 Nd7 34.Kd2 Nc5 35.Kc3
Rb3+ 36.Kc2 Rb4 37.Ra5 Nd3 38.Bxd3 exd3+ 39.Kc3 Rb6 40.Rxd5 Rf6
41.f3 Rb6 42.Rxd3 1-0

[Event "FIDE Open"]
[Site "Voronezh"]
[Date "2018.06.17"]
[Round "6.64"]
[White "Rubtsov, Victor"]
[Black "Ragimli, Deniz"]
[Result "1/2-1/2"]
[WhiteElo "1735"]
[BlackElo "1626"]
[Annotator ""]
[Source ""]
[Remark ""]

1.d4 c5 2.c3 e6 3.e4 Be7 4.Nf3 Nf6 5.Nbd2 d5 6.exd5 Nxd5 7.g3
b6 8.Bg2 Bb7 9.O-O O-O 10.dxc5 Bxc5 11.Nb3 Be7 12.Nfd4 Qd7 13.Qf3
Nc6 14.Nxc6 Bxc6 15.Nd4 Bb5 16.Rd1 Ba6 17.Be3 Rad8 18.Ne2 Qb5
19.Bf1 Qxb2 20.Rab1 Bxe2 21.Bxe2 Qxc3 22.Rb3 Qf6 23.Qe4 Nc3 24.Rxc3
Rxd1+ 25.Bxd1 Qxc3 26.Bc2 g6 27.Bd4 Qc7 28.Bb3 Rc8 29.Bb2 Rd8
30.h4 h5 31.Bxe6 Kf8 32.Bb3 Bc5 33.Be5 Bd6 34.Bf6 Rc8 35.Bb2
Bxg3 36.Qd4 Bh2+ 37.Kf1 Be5 38.Qxe5 Qxe5 39.Bxe5 Ke7 40.Ke2 f6
41.Bf4 1/2-1/2

[Event "FIDE Open"]
[Site "Voronezh"]
[Date "2018.06.17"]
[Round "6.65"]
[White "Granovskaya, Ekaterina"]
[Black "Volovich, Evgeny"]
[Result "1/2-1/2"]
[WhiteElo "1731"]
[BlackElo "1617"]
[Annotator ""]
[Source ""]
[Remark ""]

1.e4 e6 2.d4 d5 3.Nd2 c5 4.Ngf3 cxd4 5.exd5 Qxd5 6.Bc4 Qd6 7.O-O
Nf6 8.Nb3 Nc6 9.Nbxd4 Nxd4 10.Nxd4 Qc7 11.Bb3 a6 12.Qf3 Bd6 13.h3
Bd7 14.Bg5 Be5 15.Rad1 h6 16.Be3 g5 17.Qe2 Rg8 18.Qc4 Qxc4 19.Bxc4
h5 20.Nf3 Bxb2 21.Nxg5 Bc6 22.Rb1 Bc3 23.Rb3 Be5 24.Rbb1 Nd7 1/2-1/2

[Event "FIDE Open"]
[Site "Voronezh"]
[Date "2018.06.17"]
[Round "6.66"]
[White "Godzhurov, Lidzhi"]
[Black "Titarenko, Pavel"]
[Result "1/2-1/2"]
[WhiteElo "1703"]
[BlackElo "1520"]
[Annotator ""]
[Source ""]
[Remark ""]

1.d4 Nf6 2.Nf3 g6 3.g3 Bg7 4.Bg2 d6 5.O-O O-O 6.c4 Nbd7 7.Nc3
c5 8.e4 cxd4 9.Nxd4 Ne5 10.b3 Qa5 11.Bb2 Bd7 12.h3 Nc6 13.Nd5
Nxd5 14.exd5 Nxd4 15.Bxd4 b5 16.Bxg7 Kxg7 17.Qd4+ f6 18.Rfe1
Rfe8 19.c5 dxc5 20.Qxc5 Qd8 21.Rad1 Rc8 22.Qxa7 Ra8 23.Qc5 Rxa2
24.Bf1 Ra5 25.b4 Ra3 26.Bxb5 Bxb5 27.Qxb5 Kf7 28.Qc4 Qd6 29.Re6
Qd7 30.Rde1 Qa7 31.Qh4 h5 32.d6 Ra1 33.Qe4 Rxe1+ 34.Qxe1 Qd7
35.Rxe7+ Rxe7 36.Qxe7+ Qxe7 37.dxe7 Kxe7 38.Kf1 Kd6 39.Ke2 Kc6
40.Kd3 g5 41.f3 f5 42.h4 f4 43.gxf4 gxh4 44.f5 h3 45.f6 h2 46.f7
h1Q 47.f8Q 1/2-1/2

[Event "FIDE Open"]
[Site "Voronezh"]
[Date "2018.06.17"]
[Round "6.67"]
[White "Gerasko, Viacheslav"]
[Black "Kuritsina, Zlata"]
[Result "1-0"]
[WhiteElo "1862"]
[BlackElo "1508"]
[Annotator ""]
[Source ""]
[Remark ""]

1.c4 g6 2.Nc3 Bg7 3.d4 d6 4.e4 Nd7 5.Nf3 c5 6.d5 Qc7 7.Be2 Ngf6
8.O-O O-O 9.h3 a6 10.Be3 Nb6 11.Qd2 Ne8 12.Bh6 f5 13.Bxg7 Nxg7
14.Qh6 e5 15.dxe6 Bxe6 16.Ng5 Rf7 17.Qxh7+ Kf8 18.Nxf7 Kxf7 19.exf5
Bxf5 20.g4 Be6 21.Bd3 Bxc4 22.Bxg6+ Kf6 23.Ne4+ Ke6 24.Bf5+ Ke5
25.Rad1 1-0

[Event "FIDE Open"]
[Site "Voronezh"]
[Date "2018.06.17"]
[Round "6.68"]
[White "Krekoten, Vladimir"]
[Black "Povelitsa, Nikolai"]
[Result "0-1"]
[WhiteElo "1718"]
[BlackElo "1364"]
[Annotator ""]
[Source ""]
[Remark ""]

1.d4 d5 2.h3 Nf6 3.Nf3 h6 4.Bf4 c6 5.e3 Bf5 6.c3 Nbd7 7.Nbd2
e6 8.Be2 Qb6 9.Nb3 c5 10.dxc5 Nxc5 11.Nfd4 Bh7 12.Bb5+ Ncd7 13.a4
a6 14.a5 Qd8 15.Bd3 e5 16.Bxh7 Nxh7 17.Bxh6 gxh6 18.Nf5 Nhf6
19.O-O Qc8 20.Qf3 Rg8 21.Nd2 Rg6 22.e4 d4 23.cxd4 exd4 24.Rfe1
Ne5 25.Qb3 Qd7 26.f4 Nc6 27.Nc4 Bc5 28.Kh1 Qe6 29.Nfd6+ Bxd6
30.f5 Qe7 31.fxg6 fxg6 32.e5 Nxe5 33.Qg3 Nfd7 34.Re4 O-O-O 35.Rae1
Nxc4 36.Qb3 Nce5 37.Rxd4 Qg5 38.h4 Qf6 39.Qc3+ Kb8 0-1

[Event "FIDE Open"]
[Site "Voronezh"]
[Date "2018.06.17"]
[Round "6.69"]
[White "Makushin, Aleksandr"]
[Black "Shipitsyna, Guzyal"]
[Result "1-0"]
[WhiteElo "1692"]
[BlackElo "1444"]
[Annotator ""]
[Source ""]
[Remark ""]

1.e4 e6 2.d4 d5 3.exd5 exd5 4.Bd3 Be6 5.Nf3 h6 6.Bf4 Bd6 7.Ne5
Nf6 8.Nd2 Qe7 9.O-O O-O 10.Re1 Bxe5 11.dxe5 Nh7 12.Nf3 Nc6 13.c3
Rfd8 14.Nd4 Nxd4 15.cxd4 Nf8 16.Qc2 c6 17.a3 a6 18.Re3 Qh4 19.Rf3
Bg4 20.Rg3 Kh8 21.Be3 Ne6 22.f3 Nxd4 23.Bxd4 Bxf3 24.Bf2 Be4
25.Bxe4 dxe4 26.Re3 Qh5 27.Rxe4 Rd5 28.Rae1 Rad8 29.R4e2 Rd3
30.e6 fxe6 31.Rxe6 Rd1 32.Re8+ Rxe8 33.Qxd1 Rxe1+ 34.Qxe1 Qf7
35.Bd4 1-0